CUENTOS VAGABUNDO (Registro nro. 68663)
[ vista simple ]
| 000 -CABECERA | |
|---|---|
| campo de control de longitud fija | 01224nam a22002537a 4500 |
| 003 - IDENTIFICADOR DEL NÚMERO DE CONTROL | |
| campo de control | BPGM |
| 005 - FECHA Y HORA DE LA ÚLTIMA TRANSACCIÓN | |
| campo de control | 20260624204711.0 |
| 008 - DATOS DE LONGITUD FIJA--INFORMACIÓN GENERAL | |
| campo de control de longitud fija | 260624b2008 mx ||||| |||| 001 0 spa d |
| 020 ## - NÚMERO INTERNACIONAL ESTÁNDAR DEL LIBRO | |
| Número Internacional Estándar del Libro | 978-968-9350-17-0 |
| 040 ## - FUENTE DE LA CATALOGACIÓN | |
| Centro catalogador/agencia de origen | BPGM |
| Lengua de catalogación | spa |
| 041 ## - CÓDIGO DE LENGUA | |
| Código de lengua del texto/banda sonora o título independiente | spa |
| Código de lengua original | spa |
| 082 04 - NÚMERO DE LA CLASIFICACIÓN DECIMAL DEWEY | |
| Número de clasificación | CQ / 863M / |
| Número de documento/Ítem | G3788 / C84 / |
| 100 ## - ENTRADA PRINCIPAL--NOMBRE DE PERSONA | |
| Nombre de persona | GARCIA, SERVIN, ALFREDO |
| 245 ## - MENCIÓN DE TÍTULO | |
| Título | CUENTOS VAGABUNDO |
| 300 ## - DESCRIPCIÓN FÍSICA | |
| Extensión | 60 páginas |
| Dimensiones | 22.3 cm x 10.3 cm |
| 336 ## - TIPO DE CONTENIDO | |
| Fuente | rdacontent |
| Término de tipo de contenido | texto |
| Código de tipo de contenido | txt |
| 337 ## - TIPO DE MEDIO | |
| Fuente | rdamedia |
| Nombre/término del tipo de medio | sin mediación |
| Código del tipo de medio | n |
| 338 ## - TIPO DE SOPORTE | |
| Fuente | rdacarrier |
| Nombre/término del tipo de soporte | volumen |
| Código del tipo de soporte | nc |
| 505 ## - NOTA DE CONTENIDO CON FORMATO | |
| Nota de contenido con formato | CUENTOS VAGABUNDOS (PUBLICADO ORIGINALMENTE EN 2007) ES UNA ANTOLOGÍA DE RELATOS DEL ESCRITOR, DOCENTE Y NARRADOR MEXICANO ALFREDO GARCÍA SERVÍN (NACIDO EN ACÁMBARO, GUANAJUATO, PERO PROFUNDAMENTE ARRAIGADO EN LA ESCENA CULTURAL DE QUERÉTARO).HACIENDO HONOR A SU TÍTULO, LA OBRA RECOPILA HISTORIAS DONDE LA TRANSITORIEDAD, EL VIAJE Y EL CONSTANTE MOVIMIENTO SON EL EJE CENTRAL. LOS PERSONAJES DE ESTE LIBRO NO ESTÁN FIJOS; TRANSITAN POR LA VIDA, POR LOS ESPACIOS GEOGRÁFICOS Y POR SUS PROPIOS MUNDOS INTERIORES. |
| 650 ## - PUNTO DE ACCESO ADICIONAL DE MATERIA--TÉRMINO DE MATERIA | |
| Término de materia o nombre geográfico como elemento de entrada | LITERATURA Y RETORICA |
| 650 ## - PUNTO DE ACCESO ADICIONAL DE MATERIA--TÉRMINO DE MATERIA | |
| Término de materia o nombre geográfico como elemento de entrada | LITERATURAS ESPAÑOLAS Y PORTUGUESAS |
| 650 ## - PUNTO DE ACCESO ADICIONAL DE MATERIA--TÉRMINO DE MATERIA | |
| Término de materia o nombre geográfico como elemento de entrada | NOVELISTICA ESPAÑOLA |
| 942 ## - ELEMENTOS DE PUNTO DE ACCESO ADICIONAL (KOHA) | |
| Fuente del sistema de clasificación o colocación | Dewey Decimal Classification |
| Tipo de ítem Koha | Colección Querétaro |
No hay ítems disponibles.